Statistics for Top 25 Migos Songs

Click here to take the quiz!

General Stats

  • This quiz has been taken 64 times
  • The average score is 7 of 25

Answer Stats

# Song Album % Correct
2Bad and BoujeeCulture
88%
5T-ShirtCulture
73%
3VersaceYoung Rich N***as
71%
19SlipperyCulture
68%
24Stir FryCulture II
58%
6Fight NightNo Label II
56%
16I Get the BagMr. Davis
34%
17Get Right WitchaCulture
31%
1Hannah MontanaYoung Rich N***as
29%
22What The PriceCulture
24%
14BandoYoung Rich N***as
19%
9Pipe It UpYung Rich Nation
17%
11Call CastingCulture
17%
13Look at My DabN/A
15%
18Big on BigCulture
12%
10Handsome and WealthyNo Label II
10%
8Freak No MoreNo Label II
10%
23Out Yo WayCulture
10%
4China TownYoung Rich N***as
7%
15SlideN/A
5%
7YRNYoung Rich N***as
5%
12FEMAYoung Rich N***as
3%
25BricksN/A
3%
21Sloppy ToppyN/A
2%
20I CanN/A
0%

Score Distribution

Percentile by Number Answered

Percent of People with Each Score

Your Score History

You have not taken this quiz